[Event "Maribor it"]
[Site "Maribor YUG"]
[Date "1980.10.29"]
[Round "6"]
[White "Rakic, Tomislav"]
[Black "Plachetka, Jan"]
[Result "1/2-1/2"]
[WhiteElo "2455"]
[BlackElo "2480"]
[EventDate "1980.10.23"]
[PlyCount "55"]
[Source "Perpetual Check"]

1.e4 e5 2.Nf3 Nc6 3.Bc4 Nf6 4.d3 Be7 5.O-O O-O 6.c3 d5 7.exd5 Nxd5 8.h3 
Nb6 9.Bb3 Bf5 10.d4 exd4 11.cxd4 Bf6 12.Be3 Qd7 13.Nc3 Rad8 14.Rc1 Na5 15.
Bc2 Rfe8 16.Bxf5 Qxf5 17.Qc2 Qxc2 18.Rxc2 Nac4 19.Bf4 c6 20.b3 Na3 21.Rcc1
Nd5 22.Nxd5 Rxd5 23.Rc5 Red8 24.Re1 Kf8 25.Bd2 Nb5 26.Bb4 Kg8 27.Rxd5 cxd5
28.Be7 1/2-1/2

[Event "Maribor it"]
[Site "Maribor YUG"]
[Date "1980.10.29"]
[Round "6"]
[White "Nikolac, Juraj"]
[Black "Musil, Vojko"]
[Result "1/2-1/2"]
[WhiteElo "2480"]
[BlackElo "2400"]
[EventDate "1980.10.23"]
[PlyCount "43"]
[Source "Perpetual Check"]

1.b3 Nf6 2.Bb2 b6 3.Nf3 e6 4.e3 Bb7 5.d4 Be7 6.Bd3 c5 7.O-O O-O 8.Nbd2 Nc6
9.c4 d5 10.Rc1 Rc8 11.Qe2 Qc7 12.Rfd1 cxd4 13.exd4 Rfd8 14.a3 dxc4 15.bxc4
Qf4 16.Nf1 Bf8 17.Ne3 Na5 18.d5 exd5 19.Be5 Qh6 20.Nf5 Qh5 21.Ng3 Qh6 22.
Nf5 1/2-1/2

[Event "Maribor it"]
[Site "Maribor YUG"]
[Date "1980.10.30"]
[Round "7"]
[White "Plachetka, Jan"]
[Black "Nikolac, Juraj"]
[Result "1-0"]
[WhiteElo "2480"]
[BlackElo "2480"]
[EventDate "1980.10.23"]
[PlyCount "85"]
[Source "Perpetual Check"]

1.d4 d5 2.c4 e6 3.Nc3 Nf6 4.Bg5 Nbd7 5.e3 c6 6.cxd5 exd5 7.Nf3 Be7 8.Qc2 
Nf8 9.Bd3 Ng6 10.O-O-O O-O 11.Ne5 Ng4 12.Bxe7 Qxe7 13.Nxg4 Bxg4 14.Rde1 
Rfe8 15.Kb1 Rad8 16.h3 Bc8 17.Ne2 Qd6 18.g4 b6 19.Rc1 Bd7 20.Ng3 Rc8 21.
Nf5 Bxf5 22.gxf5 Nf8 23.Qa4 Rc7 24.Rc3 Nd7 25.Rhc1 c5 26.Bb5 c4 27.b3 Rec8
28.bxc4 Nf6 29.Ba6 Rb8 30.Qa3 Qd7 31.cxd5 Rxc3 32.Qxc3 Qxf5+ 33.Bd3 Qxd5 
34.Qc8+ Qd8 35.Qxd8+ Rxd8 36.Rc7 a5 37.Rb7 Nd5 38.Bc4 g6 39.Kb2 Kg7 40.e4 
Nb4 41.Rxf7+ Kh6 42.d5 Rc8 43.Kb3 1-0

[Event "Maribor it"]
[Site "Maribor YUG"]
[Date "1980.10.30"]
[Round "7"]
[White "Polajzer, Danilo"]
[Black "Rakic, Tomislav"]
[Result "1/2-1/2"]
[WhiteElo "2215"]
[BlackElo "2455"]
[EventDate "1980.10.23"]
[PlyCount "21"]
[Source "Perpetual Check"]

1.e4 c5 2.Nf3 Nc6 3.d4 cxd4 4.Nxd4 Nf6 5.Nc3 d6 6.Bc4 e6 7.Be3 Be7 8.Bb3 
O-O 9.Qe2 Na5 10.O-O-O Bd7 11.g4 1/2-1/2

[Event "Maribor it"]
[Site "Maribor YUG"]
[Date "1980.10.30"]
[Round "7"]
[White "Supancic, Darko"]
[Black "Speelman, Jonathan Simon"]
[Result "0-1"]
[WhiteElo "2335"]
[BlackElo "2490"]
[EventDate "1980.10.23"]
[PlyCount "82"]
[Source "Perpetual Check"]

1.d4 Nf6 2.c4 e6 3.Nf3 b6 4.Bf4 Bb7 5.e3 Nc6 6.a3 Ne7 7.h3 Ng6 8.Bh2 Ne4 
9.Be2 Be7 10.Nbd2 f5 11.O-O O-O 12.Qc2 Qe8 13.Rad1 d6 14.Nxe4 Bxe4 15.Qd2 
Bb7 16.Ne1 Qa4 17.Bf3 Rab8 18.Bxb7 Rxb7 19.Qc2 Qxc2 20.Nxc2 b5 21.cxb5 
Rxb5 22.b4 Rfb8 23.Rc1 R8b7 24.Rfd1 Bd8 25.Bg3 R5b6 26.f3 Ra6 27.Rd3 Ra4 
28.Be1 Kf7 29.Kf1 Ke8 30.Ke2 Kd7 31.Bd2 c6 32.Na1 a5 33.Nb3 axb4 34.axb4 
Ra2 35.Kf1 Rba7 36.Na5 Bxa5 37.bxa5 Rb7 38.g3 Rbb2 39.Ke1 e5 40.Rd1 e4 41.
fxe4 fxe4 0-1

[Event "Maribor it"]
[Site "Maribor YUG"]
[Date "1980.10.30"]
[Round "7"]
[White "Ree, Hans"]
[Black "Knezevic, Milorad"]
[Result "1-0"]
[WhiteElo "2520"]
[BlackElo "2490"]
[EventDate "1980.10.23"]
[PlyCount "149"]
[Source "Perpetual Check"]

1.d4 Nf6 2.c4 e6 3.Nf3 Bb4+ 4.Bd2 c5 5.Bxb4 cxb4 6.g3 b6 7.Bg2 Bb7 8.O-O 
O-O 9.a3 bxa3 10.Rxa3 Na6 11.Nc3 Nb4 12.Qb3 a5 13.Na2 Nc6 14.e3 Rb8 15.Nd2
Ba6 16.Qc2 Qe7 17.Rb1 Rfc8 18.Rc3 e5 19.d5 Nb4 20.Qa4 Nxa2 21.Qxa2 e4 22.
Rcc1 Bb7 23.Qa3 Qe5 24.Qc3 Qxc3 25.Rxc3 b5 26.cxb5 Bxd5 27.Bf1 Kf8 28.Rbc1
Rd8 29.Ra1 Ra8 30.Nc4 Bxc4 31.Rxc4 Ke7 32.h3 h6 33.Rca4 Rab8 34.Rxa5 Rdc8 
35.Ra7 Rc2 36.b3 Rc3 37.Bc4 Rb6 38.R1a6 Rb8 39.Kg2 Kd8 40.Ra8 Rxa8 41.
Rxa8+ Kc7 42.Rf8 d5 43.Rxf7+ Kd6 44.Bf1 Ne8 45.Be2 Rxb3 46.Bg4 Nf6 47.Rxg7
h5 48.Rf7 Nxg4 49.hxg4 hxg4 50.Rf4 Rxb5 51.Rxg4 Ke5 52.Rf4 Rb4 53.Rf8 Ke6 
54.g4 Ke7 55.Rf4 Rb1 56.Kg3 Rh1 57.Rf5 Ke6 58.Kf4 Rh8 59.Re5+ Kd6 60.Rh5 
Rg8 61.Rf5 Rg6 62.g5 Ke6 63.Re5+ Kd6 64.Re8 Kd7 65.Ra8 Ke7 66.Kf5 Rb6 67.
Ra7+ Kf8 68.g6 Rb2 69.Rf7+ Kg8 70.Kg5 d4 71.exd4 Rd2 72.Kh6 Rxd4 73.Ra7 
Rd8 74.Re7 Rf8 75.Rxe4 1-0

[Event "Maribor it"]
[Site "Maribor YUG"]
[Date "1980.10.30"]
[Round "7"]
[White "Osterman, Rudolf"]
[Black "Kuligowski, Adam"]
[Result "1-0"]
[WhiteElo "2335"]
[BlackElo "2405"]
[EventDate "1980.10.23"]
[PlyCount "81"]
[Source "Perpetual Check"]

1.Nf3 Nf6 2.c4 g6 3.d4 Bg7 4.Nc3 O-O 5.Bg5 h6 6.Bh4 d6 7.e3 g5 8.Bg3 Nh5 
9.Nd2 Nxg3 10.hxg3 e6 11.Be2 Nd7 12.g4 f5 13.Qc2 f4 14.O-O-O c6 15.exf4 
Rxf4 16.Nf3 Qe7 17.g3 Rf7 18.Qg6 Nf8 19.Qe4 Bd7 20.Qe3 b6 21.Ne1 c5 22.Nc2
cxd4 23.Nxd4 Rc8 24.Kb1 Ng6 25.f3 Ne5 26.b3 Nc6 27.Ndb5 Qf6 28.Nxd6 Re7 
29.Nde4 Qe5 30.f4 gxf4 31.gxf4 Qa5 32.g5 hxg5 33.fxg5 Be8 34.Nf6+ Kf8 35.
Rhf1 Bg6+ 36.Bd3 Bf5 37.Bxf5 exf5 38.Qh3 Re5 39.Rd5 Rxd5 40.Ncxd5 Nd4 41.
Qh7 1-0

[Event "Maribor it"]
[Site "Maribor YUG"]
[Date "1980.10.31"]
[Round "8"]
[White "Kovacevic, Vlatko"]
[Black "Danner, Georg"]
[Result "1-0"]
[WhiteElo "2510"]
[BlackElo "2345"]
[EventDate "1980.10.23"]
[PlyCount "63"]
[Source "Perpetual Check"]

1.d4 c5 2.e3 Nf6 3.Nf3 e6 4.Bd3 d5 5.O-O b6 6.Ne5 Nbd7 7.c3 Bb7 8.f4 Be7 
9.Nd2 O-O 10.Qf3 Rc8 11.g4 Nxe5 12.fxe5 Nd7 13.Qh3 g6 14.Nf3 f6 15.exf6 
Bxf6 16.g5 Bxg5 17.Qxe6+ Kg7 18.Kh1 Be7 19.Qh3 Bd6 20.Bd2 Qe7 21.Rg1 Rf6 
22.Nh4 Kf7 23.Raf1 Rxf1 24.Rxf1+ Ke8 25.Nxg6 hxg6 26.Bxg6+ Kd8 27.Rf7 Qxf7
28.Bxf7 Kc7 29.Be6 Rd8 30.Be1 Bc6 31.Bg3 Rf8 32.Bxd7 1-0

[Event "Maribor it"]
[Site "Maribor YUG"]
[Date "1980.10.31"]
[Round "8"]
[White "Knezevic, Milorad"]
[Black "Osterman, Rudolf"]
[Result "1-0"]
[WhiteElo "2490"]
[BlackElo "2335"]
[EventDate "1980.10.23"]
[PlyCount "73"]
[Source "Perpetual Check"]

1.d4 d5 2.Nf3 Nf6 3.Bf4 g6 4.e3 Bg7 5.c4 O-O 6.Nc3 c5 7.dxc5 Qa5 8.Rc1 
dxc4 9.Bxc4 Nc6 10.O-O Qxc5 11.Nb5 Qh5 12.Nc7 Rb8 13.Be2 Qa5 14.Nb5 Ra8 
15.Bc7 Qb4 16.Bc4 Be6 17.Bxe6 Qxb5 18.Bc4 Qxb2 19.Rb1 Qc3 20.Qa4 Nd7 21.
Rfc1 Nb6 22.Bxb6 axb6 23.Bxf7+ Kxf7 24.Ng5+ Kg8 25.Qh4 Qxc1+ 26.Rxc1 h6 
27.Qc4+ Kh8 28.Ne6 Rf5 29.Qb3 Raa5 30.a4 Ra6 31.Nf4 Kh7 32.h4 Nd4 33.Qd1 
b5 34.axb5 Rd6 35.Qf1 Nxb5 36.g4 Re5 37.Rc8 1-0

[Event "Maribor it"]
[Site "Maribor YUG"]
[Date "1980.10.31"]
[Round "8"]
[White "Speelman, Jonathan Simon"]
[Black "Ree, Hans"]
[Result "1/2-1/2"]
[WhiteElo "2490"]
[BlackElo "2520"]
[EventDate "1980.10.23"]
[PlyCount "62"]
[Source "Perpetual Check"]

1.c4 g6 2.d4 Nf6 3.Nf3 Bg7 4.Nc3 d5 5.cxd5 Nxd5 6.e4 Nxc3 7.bxc3 O-O 8.Be2
b6 9.O-O Bb7 10.Qc2 Qd7 11.Bg5 e6 12.Rfd1 Nc6 13.Rac1 Rac8 14.Bb5 Qd6 15.
e5 Qa3 16.Nd2 f6 17.exf6 Bxf6 18.Bxf6 Rxf6 19.Re1 Rcf8 20.Re2 Nd8 21.Rce1 
Qd6 22.Ne4 Bxe4 23.Qxe4 c5 24.Qe5 Qe7 25.Bc4 cxd4 26.cxd4 Qb4 27.Rc1 Rxf2 
28.Bxe6+ Nxe6 29.Rxf2 Rxf2 30.Rc8+ Rf8 31.Qxe6+ Kh8 1/2-1/2

[Event "Maribor it"]
[Site "Maribor YUG"]
[Date "1980.10.31"]
[Round "8"]
[White "Rakic, Tomislav"]
[Black "Supancic, Darko"]
[Result "1/2-1/2"]
[WhiteElo "2455"]
[BlackElo "2335"]
[EventDate "1980.10.23"]
[PlyCount "20"]
[Source "Perpetual Check"]

1.e4 c5 2.Nf3 Nf6 3.e5 Nd5 4.Nc3 e6 5.Nxd5 exd5 6.d4 Nc6 7.Be2 d6 8.exd6 
Bxd6 9.dxc5 Bxc5 10.O-O O-O 1/2-1/2

[Event "Maribor it"]
[Site "Maribor YUG"]
[Date "1980.10.31"]
[Round "8"]
[White "Nikolac, Juraj"]
[Black "Polajzer, Danilo"]
[Result "1/2-1/2"]
[WhiteElo "2480"]
[BlackElo "2215"]
[EventDate "1980.10.23"]
[PlyCount "85"]
[Source "Perpetual Check"]

1.b3 e5 2.Bb2 Nc6 3.e3 d5 4.Bb5 Bd6 5.Nf3 Qe7 6.d4 exd4 7.Qxd4 Nf6 8.Ne5 
Bd7 9.Bxc6 bxc6 10.Nxd7 Nxd7 11.Qa4 Be5 12.Bxe5 Qxe5 13.Qd4 Qxd4 14.exd4 
c5 15.Nc3 c6 16.Rd1 O-O-O 17.f3 Rhe8+ 18.Kf2 Re7 19.Ne2 Rde8 20.Rd2 cxd4 
21.Nxd4 Kc7 22.Rc1 Re5 23.c4 dxc4 24.Rxc4 Rc5 25.Ra4 a5 26.b4 Nb6 27.bxc5 
Nxa4 28.Rc2 Re5 29.Nb3 Kd7 30.f4 Rd5 31.Ke3 Kc7 32.g3 f5 33.Ke2 g6 34.Ke3 
Kd7 35.Nxa5 Nxc5 36.Nc4 Kc7 37.Ne5 Kd6 38.h4 Rd1 39.Nf7+ Kd5 40.Ke2 Rg1 
41.Kf2 Rd1 42.Ke2 Rg1 43.Kf2 1/2-1/2

[Event "Maribor it"]
[Site "Maribor YUG"]
[Date "1980.10.31"]
[Round "8"]
[White "Musil, Vojko"]
[Black "Plachetka, Jan"]
[Result "1/2-1/2"]
[WhiteElo "2400"]
[BlackElo "2480"]
[EventDate "1980.10.23"]
[PlyCount "23"]
[Source "Perpetual Check"]

1.e4 c6 2.d4 d5 3.Nc3 dxe4 4.Nxe4 Nf6 5.Nxf6+ gxf6 6.c3 Bf5 7.Bd3 Bxd3 8.
Qxd3 Qd5 9.Nf3 Nd7 10.O-O O-O-O 11.Re1 e6 12.Bf4 1/2-1/2

[Event "Maribor it"]
[Site "Maribor YUG"]
[Date "1980.11.02"]
[Round "9"]
[White "Plachetka, Jan"]
[Black "Kovacevic, Vlatko"]
[Result "1/2-1/2"]
[WhiteElo "2480"]
[BlackElo "2510"]
[EventDate "1980.10.23"]
[PlyCount "114"]
[Source "Perpetual Check"]

1.c4 f5 2.Nc3 Nf6 3.g3 g6 4.Bg2 Bg7 5.d4 c6 6.Nf3 O-O 7.O-O d6 8.Bf4 Nh5 
9.Qd2 Nxf4 10.gxf4 a5 11.b3 Na6 12.Rac1 Bd7 13.Rfd1 Qc7 14.Qe3 Rae8 15.c5 
Bh6 16.cxd6 exd6 17.Qd2 Qd8 18.e3 Kh8 19.Ne2 Be6 20.Ne1 Nb4 21.Nd3 Nxd3 
22.Qxd3 Bd7 23.Kh1 Qh4 24.Ng3 g5 25.fxg5 Bxg5 26.d5 c5 27.Qc3+ Bf6 28.Qxa5
f4 29.exf4 Bd4 30.Qc7 Bc8 31.Rc2 Qxf4 32.Rf1 Be5 33.Rc4 Qh6 34.Kg1 b5 35.
Re4 Bf5 36.Re3 b4 37.Rfe1 Bg6 38.Qd7 Qf4 39.Rf1 Ra8 40.Be4 Rxa2 41.Rf3 Qh6
42.Rxf8+ Qxf8 43.Bxg6 hxg6 44.f4 Bd4+ 45.Kh1 Qf6 46.Ne4 Qh4 47.h3 Ra7 48.
Qe8+ Kg7 49.Ng5 Bf6 50.Qe3 Kh6 51.Ne6 Qh5 52.f5+ g5 53.Kg2 Ra2+ 54.Rf2 Ra1
55.Rf3 Qh4 56.Rg3 Ra2+ 57.Kf1 Rc2 1/2-1/2

[Event "Maribor it"]
[Site "Maribor YUG"]
[Date "1980.11.02"]
[Round "9"]
[White "Polajzer, Danilo"]
[Black "Musil, Vojko"]
[Result "1/2-1/2"]
[WhiteElo "2215"]
[BlackElo "2400"]
[EventDate "1980.10.23"]
[PlyCount "29"]
[Source "Perpetual Check"]

1.e4 c6 2.d4 d5 3.Nd2 dxe4 4.Nxe4 Nd7 5.Nf3 Ngf6 6.Nxf6+ Nxf6 7.Bc4 Bf5 8.
O-O e6 9.c3 Be7 10.Bd3 Bxd3 11.Qxd3 O-O 12.Qe2 Qc7 13.Bg5 Nd5 14.Bxe7 Qxe7
15.Rfd1 1/2-1/2

[Event "Maribor it"]
[Site "Maribor YUG"]
[Date "1980.11.02"]
[Round "9"]
[White "Supancic, Darko"]
[Black "Nikolac, Juraj"]
[Result "0-1"]
[WhiteElo "2335"]
[BlackElo "2480"]
[EventDate "1980.10.23"]
[PlyCount "69"]
[Source "Perpetual Check"]

1.d4 d5 2.Nf3 Nf6 3.Bf4 e6 4.e3 c5 5.c3 Nc6 6.Nbd2 Bd6 7.Bg5 h6 8.Bh4 Qb6 
9.Qb3 Bd7 10.Be2 cxd4 11.exd4 Nh5 12.Bg3 Nf4 13.Qxb6 axb6 14.Ne5 Bxe5 15.
dxe5 Nxe2 16.Kxe2 O-O 17.f4 f6 18.exf6 Rxf6 19.Nf3 Ra4 20.Rhe1 Be8 21.Kd2 
Bg6 22.b3 Ra8 23.Ne5 Nxe5 24.fxe5 Rf7 25.Re2 b5 26.Ke3 Rc7 27.Kd4 b6 28.
Bf4 Be4 29.Bg3 Ra3 30.Bh4 Bf5 31.h3 b4 32.cxb4 Rc4+ 33.Ke3 Rxh4 34.g4 
Rxh3+ 35.Kf4 0-1

[Event "Maribor it"]
[Site "Maribor YUG"]
[Date "1980.11.02"]
[Round "9"]
[White "Osterman, Rudolf"]
[Black "Speelman, Jonathan Simon"]
[Result "1/2-1/2"]
[WhiteElo "2335"]
[BlackElo "2490"]
[EventDate "1980.10.23"]
[PlyCount "124"]
[Source "Perpetual Check"]

1.d4 g6 2.c4 Bg7 3.Nc3 d6 4.Nf3 Nd7 5.e4 e5 6.Be3 Ngf6 7.h3 exd4 8.Bxd4 
O-O 9.Be2 Re8 10.Qc2 b6 11.O-O Bb7 12.Bd3 Nc5 13.Rfe1 Ne6 14.Be3 Nd7 15.
Rad1 Ndc5 16.Nd5 Nxd3 17.Rxd3 Nc5 18.Bxc5 bxc5 19.Rde3 a5 20.a4 Rb8 21.b3 
c6 22.Nc3 Qb6 23.Rd1 Ba6 24.Ne2 Bh6 25.Rc3 Rbd8 26.Rcd3 Qc7 27.Nc3 Bc8 28.
Re1 Bg7 29.Qd2 Qb6 30.Na2 Bb7 31.Nc1 Rd7 32.Qf4 d5 33.e5 Rde7 34.Rde3 Bc8 
35.g4 Qb8 36.cxd5 cxd5 37.Rc3 Qb6 38.Nd3 d4 39.Rcc1 Rc7 40.Nd2 Ba6 41.Nb2 
Rce7 42.Nbc4 Qb8 43.Qg3 Bxe5 44.Nxe5 Rxe5 45.Rxe5 Qxe5 46.Qxe5 Rxe5 47.Nf3
Re2 48.Rxc5 d3 49.Rd5 Rb2 50.Rd6 Bb7 51.Rxd3 Rb1+ 52.Kh2 Kg7 53.g5 Be4 54.
Re3 Bd5 55.Nd4 Rd1 56.Nb5 h6 57.h4 Rb1 58.Nc7 Bxb3 59.Ne8+ Kh8 60.Nf6 Bxa4
61.Re5 Rb4 62.Kg3 Rb3+ 1/2-1/2

[Event "Maribor it"]
[Site "Maribor YUG"]
[Date "1980.11.02"]
[Round "9"]
[White "Danner, Georg"]
[Black "Kuligowski, Adam"]
[Result "1-0"]
[WhiteElo "2345"]
[BlackElo "2405"]
[EventDate "1980.10.23"]
[PlyCount "82"]
[Source "Perpetual Check"]

1.d4 Nf6 2.c4 e6 3.Nc3 Bb4 4.e3 O-O 5.Bd3 c5 6.Nf3 d5 7.O-O cxd4 8.exd4 
dxc4 9.Bxc4 b6 10.Qe2 Bb7 11.Rd1 Bxc3 12.bxc3 Qc7 13.Bd2 Nbd7 14.Bd3 Rfe8 
15.Re1 Rac8 16.Rac1 h6 17.c4 Bxf3 18.Qxf3 e5 19.d5 Qd6 20.Bf5 Rc7 21.Qg3 
Kf8 22.Qh4 Rec8 23.a4 a6 24.a5 b5 25.Bxd7 Qxd7 26.Bxh6 Ng8 27.Bd2 Qd6 28.
cxb5 Rxc1 29.Bxc1 axb5 30.h3 f6 31.Rd1 Rc4 32.Qg3 Ra4 33.Qc3 Ne7 34.Be3 
Rc4 35.Qb3 Qa6 36.d6 Nc6 37.d7 Ke7 38.Bb6 Nd8 39.Qd3 Rc6 40.Qh7 Ne6 41.Qg8
Rd6 1-0

[Event "Maribor it"]
[Site "Maribor YUG"]
[Date "1980.11.03"]
[Round "10"]
[White "Kovacevic, Vlatko"]
[Black "Kuligowski, Adam"]
[Result "1/2-1/2"]
[WhiteElo "2510"]
[BlackElo "2405"]
[EventDate "1980.10.23"]
[PlyCount "121"]
[Source "Perpetual Check"]

1.d4 g6 2.Nf3 Bg7 3.Bf4 d6 4.e3 Nd7 5.h3 e5 6.Bh2 Nh6 7.Be2 O-O 8.O-O f5 
9.c4 g5 10.dxe5 dxe5 11.Nc3 c6 12.e4 f4 13.Ne1 Qe7 14.Nd3 Rd8 15.Qa4 Nf8 
16.f3 Ne6 17.Rfd1 Nf7 18.Kf1 Nd4 19.Bg1 Be6 20.Rac1 b6 21.Bxd4 exd4 22.Nb1
Qc7 23.Nd2 Bf6 24.Nb3 a5 25.Rc2 c5 26.Nbc1 Bd7 27.Qa3 a4 28.Nf2 Ne5 29.Ng4
Nxg4 30.hxg4 Kg7 31.Kf2 h5 32.gxh5 Rh8 33.Rh1 Be8 34.Nd3 Ra5 35.Rcc1 Rxh5 
36.Rxh5 Bxh5 37.Rh1 Bg6 38.Ke1 Ra7 39.Nf2 Bf7 40.Qd3 Bg6 41.Qc2 Ra8 42.Bd3
Be5 43.Ng4 Qe7 44.Kf2 Qe8 45.Qd1 Ra7 46.Rh6 Re7 47.Qh1 Qf8 48.Qh3 Qe8 49.
Kg1 Qf8 50.Rh5 Bxh5 51.Qxh5 Qh8 52.Qxg5+ Kf8 53.Qf5+ Ke8 54.Qg6+ Kf8 55.
Qxb6 Qh4 56.Qxc5 Qe1+ 57.Bf1 d3 58.Nxe5 d2 59.Qc8+ Kg7 60.Qg4+ Kh7 61.Qg6+
1/2-1/2

[Event "Maribor it"]
[Site "Maribor YUG"]
[Date "1980.11.03"]
[Round "10"]
[White "Rakic, Tomislav"]
[Black "Osterman, Rudolf"]
[Result "1/2-1/2"]
[WhiteElo "2455"]
[BlackElo "2335"]
[EventDate "1980.10.23"]
[PlyCount "65"]
[Source "Perpetual Check"]

1.d4 d5 2.Nf3 Nf6 3.Bf4 g6 4.Nc3 Bg7 5.Qd2 Ne4 6.Nxe4 dxe4 7.Ne5 c5 8.e3 
O-O 9.Bc4 Nd7 10.Nxd7 Qxd7 11.c3 b5 12.Be2 Bb7 13.Rd1 cxd4 14.cxd4 a5 15.
O-O Rfc8 16.h3 b4 17.f3 Bd5 18.b3 exf3 19.Bxf3 Rc3 20.e4 Bb7 21.d5 a4 22.
bxa4 Qxa4 23.Rb1 Ba6 24.Bd1 Qa5 25.Rf3 Bc4 26.Bb3 Bxb3 27.axb3 Qc5+ 28.Kh2
Rc2 29.Rc1 Raa2 30.Rxc2 Rxc2 31.Qd1 Rc3 32.d6 exd6 33.Qxd6 1/2-1/2

[Event "Maribor it"]
[Site "Maribor YUG"]
[Date "1980.11.03"]
[Round "10"]
[White "Musil, Vojko"]
[Black "Supancic, Darko"]
[Result "1/2-1/2"]
[WhiteElo "2400"]
[BlackElo "2335"]
[EventDate "1980.10.23"]
[PlyCount "29"]
[Source "Perpetual Check"]

1.e4 c5 2.Nc3 Nc6 3.g3 g6 4.Bg2 Bg7 5.d3 d6 6.Nge2 e6 7.O-O Nge7 8.Be3 Nd4
9.Qd2 O-O 10.Nd1 Rb8 11.c3 Nxe2+ 12.Qxe2 b6 13.f4 Bb7 14.Nf2 d5 15.Bd2 
1/2-1/2

[Event "Maribor it"]
[Site "Maribor YUG"]
[Date "1980.11.03"]
[Round "10"]
[White "Plachetka, Jan"]
[Black "Polajzer, Danilo"]
[Result "1/2-1/2"]
[WhiteElo "2480"]
[BlackElo "2215"]
[EventDate "1980.10.23"]
[PlyCount "84"]
[Source "Perpetual Check"]

1.Nf3 Nf6 2.c4 c5 3.g3 b6 4.Bg2 Bb7 5.O-O g6 6.Nc3 Bg7 7.d3 O-O 8.Bd2 d5 
9.cxd5 Nxd5 10.Rb1 Nc6 11.Nxd5 Qxd5 12.a3 Nd4 13.b4 Qd7 14.Nxd4 Bxg2 15.
Kxg2 cxd4 16.Qb3 Rfc8 17.Rfc1 e5 18.b5 Bf8 19.a4 h5 20.f3 Kg7 21.e4 Rc5 
22.Rxc5 Bxc5 23.h3 f5 24.Re1 Re8 25.Bg5 Qf7 26.Qxf7+ Kxf7 27.f4 exf4 28.
Bxf4 a6 29.Kf3 axb5 30.axb5 Ra8 31.exf5 gxf5 32.Re5 Kf6 33.Rxc5 bxc5 34.b6
Ra3 35.b7 Rxd3+ 36.Ke2 Rb3 37.b8=Q Rxb8 38.Bxb8 c4 39.h4 Ke6 40.Bf4 Kd5 
41.Kd2 Ke4 42.Kc2 Kf3 1/2-1/2

[Event "Maribor it"]
[Site "Maribor YUG"]
[Date "1980.11.04"]
[Round "11"]
[White "Polajzer, Danilo"]
[Black "Kovacevic, Vlatko"]
[Result "1/2-1/2"]
[WhiteElo "2215"]
[BlackElo "2510"]
[EventDate "1980.10.23"]
[PlyCount "101"]
[Source "Perpetual Check"]

1.e4 Nf6 2.e5 Nd5 3.d4 d6 4.c4 Nb6 5.f4 dxe5 6.fxe5 Nc6 7.Be3 Bf5 8.Nc3 e6
9.Nf3 Be7 10.d5 exd5 11.cxd5 Nb4 12.Nd4 Bd7 13.Qb3 c5 14.dxc6 bxc6 15.Rd1 
Qb8 16.e6 fxe6 17.Nf3 a5 18.Ne4 N6d5 19.Bc5 Bxc5 20.Nxc5 Nxa2 21.Qxb8+ 
Rxb8 22.Bc4 Rxb2 23.O-O Bc8 24.Nd3 Rxg2+ 25.Kxg2 Ne3+ 26.Kf2 Nxc4 27.Nde5 
Nxe5 28.Nxe5 Nc3 29.Rc1 Rf8+ 30.Kg2 Nd5 31.Rxf8+ Kxf8 32.Ra1 Ke7 33.Nxc6+ 
Kf6 34.Nxa5 e5 35.Nc4 g5 36.Kf2 Nf4 37.Ke3 h5 38.Ra5 Ng6 39.Nd6 Be6 40.
Ne8+ Ke7 41.Ng7 Bg4 42.Ke4 Nh4 43.Rxe5+ Kf6 44.Ne8+ Kg6 45.Ra5 Bf3+ 46.Ke3
g4 47.Kf2 Nf5 48.Rxf5 Kxf5 49.Ng7+ Kg5 50.Nxh5 Kxh5 51.Kg3 1/2-1/2

[Event "Maribor it"]
[Site "Maribor YUG"]
[Date "1980.11.04"]
[Round "11"]
[White "Supancic, Darko"]
[Black "Plachetka, Jan"]
[Result "1-0"]
[WhiteElo "2335"]
[BlackElo "2480"]
[EventDate "1980.10.23"]
[PlyCount "89"]
[Source "Perpetual Check"]

1.e4 e5 2.Nf3 Nc6 3.c3 f5 4.d4 fxe4 5.Nxe5 Nf6 6.Bg5 Bd6 7.Ng4 Be7 8.Bxf6 
Bxf6 9.d5 Nb8 10.Nd2 e3 11.Nxe3 O-O 12.Nf3 d6 13.Bd3 Nd7 14.Qc2 h6 15.O-O 
Ne5 16.Nxe5 Bxe5 17.Be4 Bd7 18.g3 b5 19.Rad1 a5 20.f4 Bf6 21.Nf5 Qb8 22.
Nd4 Qb6 23.Kg2 b4 24.Ne6 Rfb8 25.Rf2 bxc3 26.bxc3 Qe3 27.Rf3 Qb6 28.Qd2 a4
29.Bc2 Qb2 30.Qd3 Bxe6 31.dxe6 Qxa2 32.Rd2 Qxe6 33.Re2 Qf7 34.Qh7+ Kf8 35.
Be4 Ra5 36.Rfe3 Qg8 37.Qg6 Qf7 38.Qh7 a3 39.Bg6 Qd5+ 40.Kh3 Raa8 41.Be4 
Qh5+ 42.Kg2 Kf7 43.Bf5 Be5 44.fxe5 Rh8 45.Bg6+ 1-0

[Event "Maribor it"]
[Site "Maribor YUG"]
[Date "1980.11.04"]
[Round "11"]
[White "Ree, Hans"]
[Black "Musil, Vojko"]
[Result "1/2-1/2"]
[WhiteElo "2520"]
[BlackElo "2400"]
[EventDate "1980.10.23"]
[PlyCount "67"]
[Source "Perpetual Check"]

1.d4 d5 2.c4 e6 3.Nc3 Be7 4.Nf3 Nf6 5.Bg5 h6 6.Bh4 O-O 7.Qc2 b6 8.Bxf6 
Bxf6 9.e4 Bb7 10.cxd5 exd5 11.e5 Be7 12.Rd1 Re8 13.Bd3 Nd7 14.O-O Nf8 15.
Ne2 Ne6 16.a3 c5 17.Bb5 Rf8 18.Qf5 Qc8 19.Kh1 Ba6 20.Bxa6 Qxa6 21.Rfe1 
Rfd8 22.Qg4 Qc8 23.Nh4 Bxh4 24.Qxh4 Nxd4 25.Nxd4 cxd4 26.Rc1 Qe6 27.Qxd4 
Rac8 28.g3 Re8 29.Rxc8 Rxc8 30.Rd1 Rc2 31.Kg2 Qf5 32.Re1 Qd7 33.Rd1 Qf5 
34.Re1 1/2-1/2

[Event "Maribor it"]
[Site "Maribor YUG"]
[Date "1980.11.04"]
[Round "11"]
[White "Danner, Georg"]
[Black "Speelman, Jonathan Simon"]
[Result "0-1"]
[WhiteElo "2345"]
[BlackElo "2490"]
[EventDate "1980.10.23"]
[PlyCount "58"]
[Source "Perpetual Check"]

1.d4 Nf6 2.c4 c5 3.d5 e5 4.Nc3 d6 5.e4 g6 6.Nf3 Bg7 7.Be2 O-O 8.Bg5 h6 9.
Bd2 a6 10.Qc1 b5 11.cxb5 axb5 12.Bxb5 Kh7 13.O-O Qb6 14.a4 Na6 15.Ne1 Nc7 
16.Bc4 Ba6 17.a5 Qb7 18.b3 Bxc4 19.bxc4 Qb3 20.Nc2 Qxc4 21.Ne3 Qa6 22.Qc2 
Rfb8 23.Rfb1 Rxb1+ 24.Rxb1 h5 25.Rb6 Qxa5 26.Rxd6 Nb5 27.Nxb5 Qxb5 28.Bc3 
Ng4 29.Nxg4 hxg4 0-1

[Event "Maribor it"]
[Site "Maribor YUG"]
[Date "1980.11.04"]
[Round "11"]
[White "Kuligowski, Adam"]
[Black "Knezevic, Milorad"]
[Result "1/2-1/2"]
[WhiteElo "2405"]
[BlackElo "2490"]
[EventDate "1980.10.23"]
[PlyCount "46"]
[Source "Perpetual Check"]

1.d4 f5 2.Nc3 d5 3.Bg5 c6 4.e3 Qb6 5.Rb1 Nd7 6.Bd3 Ndf6 7.Nf3 e6 8.O-O g6 
9.Ne2 Bg7 10.c4 Nh6 11.Bf4 Nf7 12.Ne5 dxc4 13.Bxc4 Nd6 14.Bb3 Qd8 15.Nd3 
Nf7 16.Qc2 O-O 17.h3 Nd5 18.Bh2 Qe8 19.Rbc1 Qe7 20.a3 Bd7 21.Nc5 Bc8 22.
Nd3 Bd7 23.Nc5 Bc8 1/2-1/2

[Event "Maribor it"]
[Site "Maribor YUG"]
[Date "1980.11.05"]
[Round "12"]
[White "Kovacevic, Vlatko"]
[Black "Knezevic, Milorad"]
[Result "1-0"]
[WhiteElo "2510"]
[BlackElo "2490"]
[EventDate "1980.10.23"]
[PlyCount "79"]
[Source "Perpetual Check"]

1.d4 Nf6 2.Nf3 d6 3.Bf4 c6 4.h3 Qb6 5.Qc1 c5 6.e3 cxd4 7.exd4 Nc6 8.c3 g6 
9.Na3 Bg7 10.Be2 O-O 11.O-O Re8 12.Re1 Be6 13.Ng5 Bd7 14.Bc4 d5 15.Bd3 Nh5
16.Be3 Bf8 17.Qd1 Nf6 18.Bf4 a6 19.Rb1 Qd8 20.Nf3 b5 21.Nc2 Ne4 22.Ne3 Be6
23.a4 bxa4 24.Qxa4 Bd7 25.Qa2 Be6 26.Ra1 Nf6 27.Qa4 Bd7 28.Qb3 Bc8 29.Ra2 
Ra7 30.Rea1 Rb7 31.Qa4 Nh5 32.Bh2 Rb6 33.Bc7 Qxc7 34.Nxd5 Qd8 35.Nxb6 Qxb6
36.d5 Bb7 37.dxc6 Bxc6 38.Qxa6 Qc7 39.Bb5 Bxf3 40.Bxe8 1-0

[Event "Maribor it"]
[Site "Maribor YUG"]
[Date "1980.11.05"]
[Round "12"]
[White "Rakic, Tomislav"]
[Black "Danner, Georg"]
[Result "1-0"]
[WhiteElo "2455"]
[BlackElo "2345"]
[EventDate "1980.10.23"]
[PlyCount "75"]
[Source "Perpetual Check"]

1.d4 c5 2.d5 Nf6 3.Nc3 e5 4.e4 d6 5.Be2 g6 6.Be3 Bg7 7.h4 Na6 8.h5 Nc7 9.
a4 Bd7 10.Qb1 Ng4 11.Bxg4 Bxg4 12.Nge2 f5 13.f3 f4 14.Bf2 Bd7 15.b4 b6 16.
hxg6 hxg6 17.Rxh8+ Bxh8 18.bxc5 bxc5 19.Kd2 Rb8 20.Qh1 Kf7 21.g3 fxg3 22.
Bxg3 Bg7 23.Rf1 Kg8 24.Bh4 Bf6 25.Bxf6 Qxf6 26.Qh6 Be8 27.Rh1 Bf7 28.Ng3 
Qg7 29.Qg5 Ne8 30.Rg1 Kf8 31.Nf1 Qf6 32.Qg3 Ng7 33.Ne3 Nh5 34.Qg4 Ke7 35.
Nb5 a6 36.Na7 Kf8 37.Nc6 Re8 38.Rb1 1-0